[Event "SLO-chT2 West"]
[Site "Kranj"]
[Date "2008.10.18"]
[Round "6.5"]
[White "Stanic, Vitko"]
[Black "Krmelj, Matija"]
[Result "1/2-1/2"]
[WhiteElo "1721"]
[BlackElo "1526"]
[PlyCount "59"]
[EventDate "2008.10.11"]
[EventType "team-swiss"]
[EventRounds "9"]
[EventCountry "SLO"]
[SourceTitle "EXT 2010"]
[Source "ChessBase"]
[SourceDate "2010.11.25"]
[SourceVersion "1"]
[SourceVersionDate "2010.11.25"]
[SourceQuality "1"]
[WhiteTeam "Loska Dolina "]
[BlackTeam "Podpec II"]
[WhiteTeamCountry "SLO"]
[BlackTeamCountry "SLO"]

1. d4 f5 2. c4 Nf6 3. Nc3 e6 4. Nf3 c6 5. e3 Na6 6. a3 Nc7 7. b4 b6 8. Bb2 Bb7 9. Bd3 Be7 10. 0-0 0-0 11. Qc2 d5 12. Rac1 Rc8 13. Rfe1 Qe8 14. Ne2 Ne4 15. Nd2 Bh4 16. g3 Bd8 17. Nf1 Ng5 18. c5 Nf3+ 19. Kg2 Nxe1+ 20. Rxe1 Qf7 21. a4 b5 22. Ra1 a6 23. Nd2 Ne8 24. Nf3 Rc7 25. Ne5 Qe7 26. Rh1 Nf6 27. f3 Qe8 28. h4 g6 29. Nc1 Nd7 30. f4 1/2-1/2

[Event "SLO-chT2 West"]
[Site "Kranj"]
[Date "2008.10.11"]
[Round "1.6"]
[White "Ursic, Jakob"]
[Black "Stanic, Vitko"]
[Result "1/2-1/2"]
[WhiteElo "1946"]
[BlackElo "1721"]
[PlyCount "65"]
[EventDate "2008.10.11"]
[EventType "team-swiss"]
[EventRounds "9"]
[EventCountry "SLO"]
[SourceTitle "EXT 2010"]
[Source "ChessBase"]
[SourceDate "2010.11.25"]
[SourceVersion "1"]
[SourceVersionDate "2010.11.25"]
[SourceQuality "1"]
[WhiteTeam "Hidria Tolmin"]
[BlackTeam "Loska Dolina "]
[WhiteTeamCountry "SLO"]
[BlackTeamCountry "SLO"]

1. e4 c5 2. c3 Nc6 3. d4 cxd4 4. cxd4 d6 5. Nf3 Nf6 6. Nc3 e6 7. Bd3 Be7 8. 0-0 0-0 9. e5 Ne8 10. Qe2 d5 11. Qe3 h6 12. Qf4 f5 13. Qg3 Kh8 14. Qg6 a6 15. Ne2 Nc7 16. Bxh6 gxh6 17. Qxh6+ Kg8 18. Qg6+ Kh8 19. Nf4 Ne8 20. Qh6+ Kg8 21. Ng6 Ng7 22. Nxe7+ Qxe7 23. Nh4 Rd8 24. Ng6 Qd7 25. Be2 Nxd4 26. Bh5 Nxh5 27. Qh8+ Kf7 28. Qxh5 Kg7 29. Qg5 Kh7 30. Qh5+ Kg7 31. Qg5 Kh7 32. Qh5+ Kg7 33. Qg5 1/2-1/2